00285nam a2200097Ia 4500001000400000008004100004082002500045100001100070245008900081260001700170963241024s9999 xx 000 0 und d aRD/370.97293/ID19e/1 aIDEICE 0aEstudio de Línea Base de la Evaluación e investigación de la Calidad Educativa bIDEICEc2010